One Piece - Lettre M - Statistiques

Statistiques générales
  • Ce quiz a été pris 137 fois
  • Le résultat moyen est 17 sur 25
Statistiques - réponses
Indice Réponse % Correct
Instance étant en charge d'arrêter les pirates Marine
98%
Meilleur bretteur du monde Mihawk
96%
Elément avec lequel a fusionné Akainu grâce à son fruit du démon Magma
93%
Lieu théâtre de la grande guerre Marineford
92%
gardien de la prison d'Impel Down qui a été destitué de ses fonctions Magellan
90%
Deuxième commandant de la flotte de barbe blanche Marco
89%
Tribu de combattant vivant sur le dos d'un éléphant Mink
87%
Grand Corsaire mystérieux volant réunir un équipage de Zombie Moria
87%
Devenu Shogun de Wano à seulement 8 ans Momonosuke
85%
Sucrerie ou dessert que contrôle Katakuri grâce à son fruit du démon Mochi
81%
Premier adversaire de la marine de Luffy, surnommé " Le Hacheur" ou "Le Bûcheron" Morgan
78%
Surnom de Nico Robin alors qu'elle était encore au Baroque Works Miss Allsunday
72%
Femme génétiquement modifié qui possédait le fruit du flocon Monet
70%
Tenancière du Partys Bar de Fuschia, où Shanks avait l'habitude d'allez avec Luffy Makino
66%
Nom complet du plus grand menteur de l'histoire, or, il n'a jamais menti Mont blanc Norland
65%
Siège du Gouvernement Mondial et des Dragons Célestes Mary Geoise
61%
Nom de famille d'un famille très puissante et très connu pour ses exploits Monkey D.
59%
Gardes démon d'Impel Down ressemblant à un taureau Minotaure
58%
Vice - admiral de la marine qui est allé informé a Hancock de l'exécution d'Ace Momonga
55%
Princesse Tontontata Manshelly
53%
Dompteur dans l'équipage de Baggy le clown Morge
43%
Ville où Luffy à rencontré Bellamy pour la première fois Mock Town
42%
Fils de Big Mom valant 120 000 000 de Berrys Mont d'or
42%
Chef des forces spéciales simiesque avec Mont Blanc Cricket et Shojo à Jaya Masira
29%
Dimensions dont seule Brulée possède la clés d'entré et de sortie Monde des mirroirs
23%
Aucun quiz correspondant
Distribution des résultats
% des personnes avec chaque résultat
Percentile par nombre de réponses
Votre historique - résultats
Vous n’avez pas pris ce quiz